| 000 | 00369 a2200145 4500 | ||
|---|---|---|---|
| 082 | _a346.5491 | ||
| 090 |
_c1085 _d1085 |
||
| 100 | _aFarani,M. | ||
| 245 |
_aThe Contract Act (IX of 1872) _cM.Farani |
||
| 250 | _aRevised edition | ||
| 260 |
_aLahore _bLahore law times Publicatons _c2001 |
||
| 300 | _a496p | ||
| 500 | _aPaper cover | ||
| 942 |
_aNBS _cBK _k346.5491 FAR |
||
| 999 |
_c343617 _d343617 |
||